000 01072nam a22003377a 4500
001 BR6700543
003 BR-BrBNA
005 20230928083504.0
007 ta
008 230509b bl.||||| |||| 00| 0 por d
040 _aBR-BrBNA
_bpor
_cBiblioteca Nacional de Agricultura
041 _a(Por)
072 _aF01; P32; P36
_b/G514
090 _ F01 BR6700543
110 1 _aSuperintendencia do Desenvolvimento Economico e Cultural, Fortaleza, CE (Brasil). Div. de Pedologia e Fertilidade do Solo
111 1 _a11. Congresso de Ciencia do Solo
_cBrasilia, DF (Brazil)
_dJul 1967
245 1 _aConsideracoes preliminares das condicoes agricolas e do uso atual dos solos da zona fisiografica de Baturite [Brasil]
260 3 _aFortaleza, CE (Brasil):
_c1967.
300 _a36 p.
650 _aSOLO
650 _aMANEJO
650 _aGEOLOGIA
650 _aCLIMA
650 _aVEGETACAO
650 _aEROSAO DO SOLO
650 _aFISICA DO SOLO
650 _aPRODUCAO VEGETAL
650 _aBATURITE
909 _a202309
_bLucia
_c55
_dLucia Elande
942 _cBK
999 _c13759
_d13759